| 000 | 02108nam a22001697a 4500 | ||
|---|---|---|---|
| 999 |
_c192852 _d192852 |
||
| 005 | 20221007103815.0 | ||
| 010 | _aENG-135331 | ||
| 020 |
_a9789352835133 _c425.00 |
||
| 035 | _aEN-118863 | ||
| 037 | _bDBAD/PUB | ||
| 082 | _a540 | ||
| 245 | _aChemistry 15 Years' Solved Papers and Practice Questions For Jee Mainand Advanced 2004-2018/ | ||
| 260 |
_aNew Delhi _bS.Chand and Company Limited _c2019 |
||
| 270 |
_a7361, Ram Nagar, Qutab Road _bNew Delhi _e110055 _minfo@schandpublishing.com |
||
| 300 |
_avp. _c27cm(pbk) |
||
| 942 |
_2ddc _cEN _mCHE _h540 |
||